|
|
|
|
| LEADER |
01221nam a2200289 a 4500 |
| 001 |
11298 |
| 003 |
BD-DhAAL |
| 008 |
011003s2002 nyua b 001 0 eng d |
| 999 |
|
|
|c 228
|d 228
|
| 010 |
|
|
|a \\2001052491
|
| 020 |
|
|
|a 0521808790 (hardback)
|
| 020 |
|
|
|a 052100490X (pbk.)
|
| 040 |
|
|
|a DLC
|c DLC
|d DLC
|d BD-DhAAL
|
| 082 |
0 |
0 |
|a 420.285
|2 21
|
| 100 |
1 |
|
|a Meyer, Charles F.
|9 41492
|
| 245 |
1 |
0 |
|a English corpus linguistics :
|b an introduction /
|c Charles F. Meyer.
|
| 260 |
|
|
|a Cambridge, UK ;
|a New York :
|b Cambridge University Press,
|c 2002.
|
| 300 |
|
|
|a xvi, 168 pages :
|b illustrations ;
|c 26 cm.
|
| 490 |
1 |
|
|a Studies in English language
|
| 504 |
|
|
|a Includes bibliographical references (pages 153-161) and index.
|
| 541 |
1 |
|
|e 11298
|
| 650 |
|
0 |
|a English language
|x Research
|x Data processing.
|9 41493
|
| 650 |
|
0 |
|a English language
|x Discourse analysis
|x Data processing.
|9 41494
|
| 650 |
|
0 |
|a Computational linguistics.
|9 41495
|
| 852 |
4 |
|
|a Ayesha Abed Library
|j General Stacks
|
| 942 |
|
|
|2 ddc
|c BK
|
| 952 |
|
|
|0 0
|1 0
|2 ddc
|4 0
|6 420_285000000000000_MEY_2002
|7 0
|8 NFIC
|9 209
|a BRACUL
|b BRACUL
|c GEN
|d 2009-04-29
|g 0.00
|l 3
|m 11
|o 420.285 MEY
|p 3010011298
|r 2020-02-05
|s 2019-12-24
|t 1
|w 2009-04-29
|y BK
|x No price found in the accession register.
|